[Event "2. ODEM U25 2005"]
[Site "Willingen GER"]
[Date "2005.05.21"]
[Round "9"]
[White "Kling, Felix"]
[Black "Belger, Christian"]
[Result "1/2-1/2"]
[Termination "normal"]
[Board "26"]
[WhiteElo "1513"]
[BlackElo "1822"]
[PlyCount "84"]
[BlackFideId "24622940"]
[EventCountry "GER"]
[EventRounds "9"]
[EventType "swiss"]
[EventDate "2005.05.15"]

1. d4 Nf6 2. Bg5 g6 3. Bxf6 exf6 4. e3 Bg7 5. g3 O-O 6. Bg2 d5 7. Ne2 Be6 8.
Nd2 Qd7 9. O-O Bh3 10. c4 Bxg2 11. Kxg2 c6 12. Nc3 dxc4 13. Nxc4 Na6 14. a3 Nc7
15. Qf3 f5 16. Rac1 g5 17. Kg1 g4 18. Qg2 Ne6 19. h4 Rac8 20. b4 Nc7 21. Rfd1
Nd5 22. Nxd5 cxd5 23. Nb2 Rxc1 24. Rxc1 Rc8 25. Qf1 Bf8 26. Nd3 Rxc1 27. Qxc1
Qb5 28. Qc2 Qc4 29. Ne1 Qxc2 30. Nxc2 f6 31. Kf1 Kf7 32. Ke2 Ke6 33. Kd3 Kd6
34. Kc3 Kc6 35. a4 Bd6 36. Ne1 b6 37. b5+ Kd7 38. Nd3 Kc7 39. Kd2 Kd7 40. Ke2
Ke6 41. Kf1 Kd7 42. Kg2 Ke6 1/2-1/2

[Event "2. ODEM U25 2005"]
[Site "Willingen GER"]
[Date "2005.05.21"]
[Round "9"]
[White "Durmisi, Valon"]
[Black "Müer, Sebastian"]
[Result "1-0"]
[Termination "normal"]
[Board "27"]
[WhiteElo "1373"]
[BlackElo "1793"]
[PlyCount "45"]
[EventCountry "GER"]
[EventRounds "9"]
[EventType "swiss"]
[EventDate "2005.05.15"]

1. e4 c5 2. Nf3 Nc6 3. c3 e6 4. d4 d5 5. exd5 exd5 6. Be3 cxd4 7. Nxd4 Nf6 8.
Bd3 Ne5 9. Be2 Be7 10. Bf4 Ng6 11. Be3 O-O 12. Nd2 Re8 13. Qc2 Bd6 14. h3 Nh4
15. Rg1 Ne4 16. Nxe4 dxe4 17. O-O-O Qe7 18. g3 Ng6 19. h4 Be6 20. Qxe4 Rec8 21.
Nxe6 fxe6 22. Bg5 Qd7 23. Bg4 1-0

[Event "2. ODEM U25 2005"]
[Site "Willingen GER"]
[Date "2005.05.21"]
[Round "9"]
[White "Lüders, Morten"]
[Black "Hoffmann, Lena"]
[Result "1/2-1/2"]
[Termination "normal"]
[Board "28"]
[WhiteElo "1728"]
[BlackElo "1558"]
[PlyCount "71"]
[BlackFideId "24626597"]
[EventCountry "GER"]
[EventRounds "9"]
[EventType "swiss"]
[EventDate "2005.05.15"]

1. e4 c5 2. Nf3 d6 3. d4 cxd4 4. Nxd4 Nf6 5. Nc3 a6 6. Be2 e5 7. Nb3 Be7 8. Bg5
Be6 9. Bxf6 Bxf6 10. Qd3 Qc7 11. O-O-O Be7 12. Nd5 Bxd5 13. Qxd5 Nd7 14. Na5
Nc5 15. Nc4 Rd8 16. h4 O-O 17. Ne3 Ne6 18. Qd2 Qc6 19. Nd5 Rfe8 20. Kb1 Bf8 21.
Rh3 b5 22. h5 h6 23. Rg3 Kh8 24. Rc3 Qb7 25. f3 Kg8 26. g3 Rc8 27. Rxc8 Rxc8
28. Ne3 Qb6 29. c3 Rd8 30. Nd5 Qc5 31. Qe3 Kh8 32. a4 Rb8 33. Qxc5 dxc5 34.
axb5 axb5 35. Ne3 f6 36. Rd7 1/2-1/2

[Event "2. ODEM U25 2005"]
[Site "Willingen GER"]
[Date "2005.05.21"]
[Round "9"]
[White "Zabarska, Natalia"]
[Black "Kyas, Marcel"]
[Result "1-0"]
[Termination "normal"]
[Board "29"]
[WhiteElo "1891"]
[BlackElo "1518"]
[PlyCount "65"]
[WhiteFideId "24608009"]
[BlackFideId "24642037"]
[EventCountry "GER"]
[EventRounds "9"]
[EventType "swiss"]
[EventDate "2005.05.15"]

1. e4 c5 2. Nc3 Nc6 3. d3 d6 4. g3 g6 5. Bg2 Bg7 6. f4 e6 7. Nf3 Nge7 8. O-O
O-O 9. g4 f5 10. exf5 exf5 11. g5 Be6 12. Qe1 Qd7 13. Bd2 Rfe8 14. Qg3 d5 15.
h4 Rad8 16. Qh3 b6 17. h5 Kf7 18. Rae1 Qc7 19. Nh4 a6 20. Ne2 Nd4 21. c3 Nxe2+
22. Rxe2 Nc6 23. Bf3 b5 24. hxg6+ hxg6 25. Nxg6 a5 26. Rh2 Rg8 27. Re1 Rd6 28.
Qh7 Qc8 29. Bh5 a4 30. Nh4+ Kf8 31. Rhe2 d4 32. Nxf5 Rd8 33. Rxe6 1-0

[Event "2. ODEM U25 2005"]
[Site "Willingen GER"]
[Date "2005.05.21"]
[Round "9"]
[White "Rezai, Yuanne"]
[Black "Völz, Michael"]
[Result "1/2-1/2"]
[Termination "normal"]
[Board "30"]
[WhiteElo "1779"]
[BlackElo "1460"]
[PlyCount "54"]
[BlackFideId "24640107"]
[EventCountry "GER"]
[EventRounds "9"]
[EventType "swiss"]
[EventDate "2005.05.15"]

1. e4 e5 2. Nf3 Nc6 3. Bc4 Bc5 4. c3 Nf6 5. d4 exd4 6. cxd4 Bb4+ 7. Nc3 Nxe4 8.
O-O Bxc3 9. bxc3 d5 10. Bd3 O-O 11. Qc2 Re8 12. Nd2 Nf6 13. Ba3 Be6 14. Nb3 b6
15. Rac1 Rc8 16. Bb5 Bd7 17. Ba6 Rb8 18. Rfe1 Ne7 19. Re2 Bf5 20. Qb2 Ng6 21.
Rce1 Qd7 22. Qc1 Rxe2 23. Bxe2 Re8 24. Bf3 Be4 25. Bxe4 Nxe4 26. f3 Nf6 27. Re3
Re6 1/2-1/2

[Event "2. ODEM U25 2005"]
[Site "Willingen GER"]
[Date "2005.05.21"]
[Round "9"]
[White "Lobe, Sandra"]
[Black "Tsoumanis, Konstantinos"]
[Result "0-1"]
[Termination "normal"]
[Board "31"]
[WhiteElo "1626"]
[BlackElo "1204"]
[PlyCount "52"]
[EventCountry "GER"]
[EventRounds "9"]
[EventType "swiss"]
[EventDate "2005.05.15"]

1. e4 e5 2. Nf3 Nc6 3. Bb5 a6 4. Ba4 Nf6 5. O-O b5 6. Bb3 Bc5 7. d3 d6 8. h3
O-O 9. Bg5 h6 10. Bh4 Be6 11. Bxe6 fxe6 12. Re1 Qd7 13. c3 Bb6 14. d4 exd4 15.
cxd4 Rae8 16. Bg3 Nh5 17. Bh2 Nf4 18. Qd2 Nxh3+ 19. gxh3 Rxf3 20. Bg3 Bxd4 21.
Kg2 Ref8 22. Re2 Qf7 23. Na3 Qg6 24. Kh1 Qf6 25. e5 Qf5 26. Kg2 Rxa3 0-1

[Event "2. ODEM U25 2005"]
[Site "Willingen GER"]
[Date "2005.05.21"]
[Round "9"]
[White "Schäfer, Simon"]
[Black "Klebanov, Andrej"]
[Result "1/2-1/2"]
[Termination "normal"]
[Board "32"]
[WhiteElo "1395"]
[BlackElo "1587"]
[PlyCount "58"]
[BlackFideId "24669989"]
[EventCountry "GER"]
[EventRounds "9"]
[EventType "swiss"]
[EventDate "2005.05.15"]

1. d4 Nf6 2. c4 g6 3. Nc3 Bg7 4. Nf3 O-O 5. Bf4 d6 6. e3 Nbd7 7. Be2 Nh5 8. Bg3
e5 9. O-O f5 10. h3 Qe7 11. Nd5 Qd8 12. Bh4 Bf6 13. Nxf6+ Nhxf6 14. dxe5 dxe5
15. Nxe5 Nxe5 16. Qxd8 Rxd8 17. Bxf6 Rd2 18. Bxe5 Rxe2 19. Rfe1 Rc2 20. Rac1
Rd2 21. Red1 Rxd1+ 22. Rxd1 Be6 23. Bxc7 Bxc4 24. a3 Rc8 25. Rd8+ Rxd8 26. Bxd8
Kf7 27. Ba5 Ke6 28. Bc3 Kd5 29. Kh2 Ke4 1/2-1/2

[Event "2. ODEM U25 2005"]
[Site "Willingen GER"]
[Date "2005.05.21"]
[Round "9"]
[White "Kamrla, Robin"]
[Black "Neldner, Uta"]
[Result "0-1"]
[Termination "normal"]
[Board "33"]
[WhiteElo "1465"]
[BlackElo "1830"]
[PlyCount "64"]
[BlackFideId "24604070"]
[EventCountry "GER"]
[EventRounds "9"]
[EventType "swiss"]
[EventDate "2005.05.15"]

1. e4 c5 2. Nf3 Nc6 3. d4 cxd4 4. Nxd4 Nf6 5. Nc3 e5 6. Ndb5 d6 7. Bg5 a6 8.
Na3 b5 9. Nd5 Be7 10. Bxf6 Bxf6 11. c3 Bg5 12. Nc2 O-O 13. Nce3 Rb8 14. a4 bxa4
15. Rxa4 Rxb2 16. Bxa6 Bd7 17. Nc4 Rb8 18. Nxd6 Na5 19. Ra1 Nb3 20. Rb1 Nc5 21.
h4 Ba4 22. Rxb8 Qxb8 23. Qa1 Qxd6 24. hxg5 Qxa6 25. Ne7+ Kh8 26. g6 fxg6 27. f3
Qd6 28. Nd5 Bc6 29. c4 Ra8 30. Qd1 Ba4 31. Qd2 Bb3 32. Qb2 Nd3+ 0-1

[Event "2. ODEM U25 2005"]
[Site "Willingen GER"]
[Date "2005.05.21"]
[Round "9"]
[White "Reps, Dirk"]
[Black "Volz, Daniel"]
[Result "1-0"]
[Termination "normal"]
[Board "34"]
[WhiteElo "1665"]
[BlackElo "1391"]
[PlyCount "53"]
[BlackFideId "4661125"]
[EventCountry "GER"]
[EventRounds "9"]
[EventType "swiss"]
[EventDate "2005.05.15"]

1. e4 e5 2. Nc3 Nf6 3. Bc4 Be7 4. d3 Nc6 5. f4 d6 6. f5 Na5 7. Qf3 Nxc4 8. dxc4
Bd7 9. Be3 Bc6 10. Nge2 Qd7 11. O-O O-O 12. g4 Ne8 13. g5 f6 14. g6 h6 15. Qh5
b6 16. Rf3 Bd8 17. Kf2 Bb7 18. Rh3 c6 19. Rg1 Rc8 20. Bxh6 gxh6 21. g7 Rf7 22.
Qxh6 Rxg7 23. Qh8+ Kf7 24. Rxg7+ Nxg7 25. Rh7 Qxf5+ 26. exf5 Be7 27. Rxg7# 1-0

[Event "2. ODEM U25 2005"]
[Site "Willingen GER"]
[Date "2005.05.21"]
[Round "9"]
[White "Reh, Rebecca"]
[Black "Fabritius, Norbert"]
[Result "0-1"]
[Termination "normal"]
[Board "35"]
[WhiteElo "1650"]
[BlackElo "1321"]
[PlyCount "26"]
[BlackFideId "24662178"]
[EventCountry "GER"]
[EventRounds "9"]
[EventType "swiss"]
[EventDate "2005.05.15"]

1. e4 e5 2. Nf3 Nc6 3. Bc4 Nf6 4. d4 exd4 5. e5 Ng4 6. O-O Be7 7. Re1 O-O 8. h3
Nh6 9. Bxh6 gxh6 10. Nxd4 Nxd4 11. Qxd4 d6 12. exd6 Bxd6 13. Nc3 Bh2+ 0-1

[Event "2. ODEM U25 2005"]
[Site "Willingen GER"]
[Date "2005.05.21"]
[Round "9"]
[White "Huynh, Nhi Lang"]
[Black "Hinz, Arne"]
[Result "0-1"]
[Termination "normal"]
[Board "36"]
[WhiteElo "1241"]
[BlackElo "1679"]
[PlyCount "94"]
[WhiteFideId "24669180"]
[BlackFideId "24634875"]
[EventCountry "GER"]
[EventRounds "9"]
[EventType "swiss"]
[EventDate "2005.05.15"]

1. e4 e5 2. Nf3 Nf6 3. Nc3 Nc6 4. Bb5 d6 5. O-O Be7 6. d4 exd4 7. Nxd4 Bd7 8.
Nxc6 Bxc6 9. Bxc6+ bxc6 10. Qf3 O-O 11. Rd1 Nd7 12. Qg4 Ne5 13. Qh3 Qd7 14.
Qxd7 Nxd7 15. Bf4 Rab8 16. Rab1 Bf6 17. Na4 Rb4 18. b3 Rxe4 19. Be3 c5 20. c4
Rfe8 21. Rbc1 Bd4 22. Nc3 Bxe3 23. Nxe4 Bxc1 24. Nxd6 cxd6 25. Rxc1 Re2 26. Ra1
f6 27. Kf1 Re4 28. f3 Rd4 29. Ke2 Kf7 30. Ke3 a5 31. a4 Ne5 32. Ra2 Rd3+ 33.
Kf4 Rxb3 34. Ke4 Nxc4 35. Kd5 Ra3 36. Rxa3 Nxa3 37. Kxd6 c4 38. Kc5 c3 39. Kb6
Nc4+ 40. Kb5 c2 41. Kxc4 c1=Q+ 42. Kb5 Qc3 43. Ka6 Qb4 44. Ka7 Ke7 45. g4 Kd7
46. h4 Kc7 47. Ka8 Qb7# 0-1

[Event "2. ODEM U25 2005"]
[Site "Willingen GER"]
[Date "2005.05.21"]
[Round "9"]
[White "Winter, Jonathan"]
[Black "Lange, Vanessa"]
[Result "1-0"]
[Termination "normal"]
[Board "37"]
[WhiteElo "1746"]
[BlackElo "1295"]
[PlyCount "92"]
[EventCountry "GER"]
[EventRounds "9"]
[EventType "swiss"]
[EventDate "2005.05.15"]

1. e4 e5 2. Nf3 Nc6 3. Bb5 a6 4. Bxc6 dxc6 5. O-O Nf6 6. Nxe5 Qd4 7. Nf3 Be7 8.
Nxd4 Nxe4 9. Re1 Ng5 10. d3 Ne6 11. Nxe6 fxe6 12. Bf4 Bd6 13. Bxd6 cxd6 14. Nc3
d5 15. Na4 Bd7 16. Nb6 Rb8 17. Nxd7 Kxd7 18. Qg4 Rbe8 19. Re5 Re7 20. Rxe6 Rxe6
21. Qxg7+ Re7 22. Qxh8 h5 23. Qf6 Re6 24. Qxe6+ Kxe6 25. Re1+ Kd6 26. f4 b5 27.
b4 c5 28. c3 c4 29. d4 Kc6 30. f5 Kb6 31. Kf2 a5 32. a3 h4 33. h3 axb4 34. axb4
Kc7 35. Kf3 Kd7 36. f6 Kd8 37. f7 Kd7 38. Re5 Kc6 39. Kf4 Kd6 40. Kf5 Kd7 41.
Re6 Kc7 42. Ke5 Kb7 43. Kd6 Kb6 44. Kd7+ Kb7 45. Rc6 Ka7 46. Rc7+ Ka8 1-0

[Event "2. ODEM U25 2005"]
[Site "Willingen GER"]
[Date "2005.05.21"]
[Round "9"]
[White "Reinke, Martin"]
[Black "Hirning, Oliver"]
[Result "1-0"]
[Termination "normal"]
[Board "38"]
[WhiteElo "1574"]
[BlackElo "1511"]
[PlyCount "61"]
[WhiteFideId "4620518"]
[EventCountry "GER"]
[EventRounds "9"]
[EventType "swiss"]
[EventDate "2005.05.15"]

1. d4 d5 2. c4 e6 3. Nf3 Nf6 4. e3 Be7 5. Nbd2 b6 6. Bd3 Bb7 7. cxd5 Nxd5 8.
O-O O-O 9. e4 Nf4 10. Bc2 Ba6 11. Re1 Nd3 12. Bxd3 Bxd3 13. Nf1 Ba6 14. Bf4 c5
15. d5 exd5 16. exd5 Bf6 17. Be5 Bb7 18. Ne3 Nd7 19. Bg3 Bxb2 20. Rb1 Bc3 21.
Re2 Re8 22. Qd3 Bf6 23. Rbe1 Ne5 24. Nxe5 Bxe5 25. Ng4 Bxg3 26. Rxe8+ Qxe8 27.
Rxe8+ Rxe8 28. hxg3 Rd8 29. Ne3 g6 30. d6 Rd7 31. Ng4 1-0

[Event "2. ODEM U25 2005"]
[Site "Willingen GER"]
[Date "2005.05.21"]
[Round "9"]
[White "Rosenkranz, Christian"]
[Black "Winter, Christopher"]
[Result "1-0"]
[Termination "normal"]
[Board "39"]
[WhiteElo "1232"]
[BlackElo "1553"]
[PlyCount "49"]
[WhiteFideId "24674494"]
[EventCountry "GER"]
[EventRounds "9"]
[EventType "swiss"]
[EventDate "2005.05.15"]

1. e4 e6 2. d4 d5 3. exd5 exd5 4. c4 Nc6 5. Nf3 Bg4 6. Nc3 Bb4 7. a3 Bxc3+ 8.
bxc3 Nf6 9. Bg5 O-O 10. cxd5 Qxd5 11. Bxf6 gxf6 12. Be2 Bxf3 13. Bxf3 Rae8+ 14.
Kd2 Nb4 15. Bxd5 Nxd5 16. Re1 Rd8 17. Qf3 c5 18. Kc1 cxd4 19. cxd4 Rc8+ 20. Kb2
Nb6 21. Qxf6 Nc4+ 22. Ka2 Nd2 23. Rac1 Ne4 24. Rxe4 Rxc1 25. Rg4# 1-0

[Event "2. ODEM U25 2005"]
[Site "Willingen GER"]
[Date "2005.05.21"]
[Round "9"]
[White "Neumair, Cedric"]
[Black "Gahn, Cornelia"]
[Result "0-1"]
[Termination "normal"]
[Board "40"]
[WhiteElo "1240"]
[BlackElo "1342"]
[PlyCount "62"]
[WhiteFideId "4698304"]
[EventCountry "GER"]
[EventRounds "9"]
[EventType "swiss"]
[EventDate "2005.05.15"]

1. e4 d5 2. exd5 Qxd5 3. Nc3 Qa5 4. d4 c6 5. Bc4 Bf5 6. Bd2 e6 7. d5 exd5 8.
Nxd5 Qd8 9. Ne3 Bg6 10. Nf3 Bd6 11. Bc3 Nf6 12. O-O O-O 13. Qd4 c5 14. Qd2 Nc6
15. Rfd1 Ne4 16. Qd5 Qc7 17. Bd3 Nxc3 18. bxc3 Rad8 19. Qb3 Na5 20. Qb5 a6 21.
Qb2 Bh5 22. Be2 Bxf3 23. Bxf3 Bxh2+ 24. Kf1 Bd6 25. Nd5 Qb8 26. Qc1 Nc4 27. Qg5
Ne5 28. Nf6+ Kh8 29. Qh4 gxf6 30. Qxf6+ Kg8 31. Qg5+ Ng6 0-1

[Event "2. ODEM U25 2005"]
[Site "Willingen GER"]
[Date "2005.05.21"]
[Round "9"]
[White "Jorczik, Andreas"]
[Black "Plumbaum, Nadja"]
[Result "1-0"]
[Termination "normal"]
[Board "41"]
[WhiteElo "1329"]
[BlackElo "940"]
[PlyCount "47"]
[WhiteFideId "24634921"]
[BlackFideId "24691941"]
[EventCountry "GER"]
[EventRounds "9"]
[EventType "swiss"]
[EventDate "2005.05.15"]

1. d4 d5 2. c4 e6 3. Nc3 Nf6 4. Bg5 Be7 5. Nf3 b6 6. cxd5 exd5 7. e3 Nbd7 8.
Rc1 O-O 9. Ne5 Bd6 10. Nxd7 Bxd7 11. Nxd5 Kh8 12. Bd3 c6 13. Nxf6 gxf6 14. Bh4
Bb4+ 15. Kf1 Rg8 16. Qf3 Be7 17. Be4 Bg4 18. Qf4 Qd6 19. Qxd6 Bxd6 20. Rxc6 Be7
21. Rxf6 Bxf6 22. Bxf6+ Rg7 23. Bxg7+ Kxg7 24. Bxa8 1-0

[Event "2. ODEM U25 2005"]
[Site "Willingen GER"]
[Date "2005.05.21"]
[Round "9"]
[White "Lebeda, Lukas"]
[Black "Strohmann, Marc"]
[Result "0-1"]
[Termination "normal"]
[Board "42"]
[WhiteElo "1222"]
[BlackElo "1267"]
[PlyCount "94"]
[EventCountry "GER"]
[EventRounds "9"]
[EventType "swiss"]
[EventDate "2005.05.15"]

1. c4 Nf6 2. d4 g6 3. Nc3 Bg7 4. Nf3 d6 5. Bf4 O-O 6. e3 Nbd7 7. Bd3 Nh5 8. O-O
e5 9. dxe5 dxe5 10. Bg5 f6 11. Bh4 g5 12. Bg3 Nxg3 13. fxg3 f5 14. c5 Nxc5 15.
Bc4+ Be6 16. Qxd8 Raxd8 17. Bxe6+ Nxe6 18. e4 f4 19. g4 h6 20. Nb5 a6 21. Nc3
Rd6 22. Rad1 Rfd8 23. Nd5 Kf7 24. Rc1 c6 25. Nc3 Nd4 26. Rb1 Re6 27. Na4 Bf8
28. a3 b5 29. Nc3 Bc5 30. Kh1 Nb3 31. Rfd1 Rxd1+ 32. Rxd1 Kf6 33. h3 Rd6 34.
Rxd6+ Bxd6 35. Kg1 Nc1 36. Kf1 Nd3 37. b4 Nxb4 38. axb4 Bxb4 39. Nb1 Ke6 40.
Ke2 Kd6 41. Kd3 a5 42. Kc2 a4 43. Nfd2 Kc5 44. Nc3 Bxc3 45. Kxc3 b4+ 46. Kd3 a3
47. Kc2 Kd4 0-1

[Event "2. ODEM U25 2005"]
[Site "Willingen GER"]
[Date "2005.05.21"]
[Round "9"]
[White "Chernova, Margarita"]
[Black "Frey, Steffen"]
[Result "0-1"]
[Termination "normal"]
[Board "44"]
[WhiteElo "1187"]
[BlackElo "1248"]
[PlyCount "110"]
[EventCountry "GER"]
[EventRounds "9"]
[EventType "swiss"]
[EventDate "2005.05.15"]

1. e4 e5 2. Nf3 Nc6 3. Bc4 Nf6 4. d4 exd4 5. O-O Nxe4 6. Re1 d5 7. Bxd5 Qxd5 8.
Nc3 Qd8 9. Nxe4 Be7 10. Bf4 O-O 11. Qd3 Nb4 12. Qxd4 Nxc2 13. Qxd8 Rxd8 14.
Bxc7 Nxe1 15. Bxd8 Nxf3+ 16. Kh1 Bxd8 17. Rd1 Bb6 18. gxf3 Be6 19. Nc3 Bxf2 20.
Kg2 Bh4 21. b3 Rd8 22. Rxd8+ Bxd8 23. Nb5 a6 24. Nd6 b5 25. Nb7 Be7 26. Kf2 g6
27. Ke3 Kg7 28. Kd4 Bc8 29. Nc5 a5 30. a4 bxa4 31. bxa4 h5 32. Nb3 Bd7 33. Nxa5
Bxa4 34. Ke3 Bd6 35. Kf2 Bxh2 36. Kg2 Bc7 37. Nc4 f5 38. Kh3 g5 39. Ne3 Kg6 40.
Nd5 Bd6 41. Nc3 Bc6 42. Kg2 g4 43. Kf2 gxf3 44. Nd1 Bc5+ 45. Kg3 f2 46. Nxf2
Bxf2+ 47. Kxf2 Kg5 48. Kg3 h4+ 49. Kh3 f4 50. Kh2 Kg4 51. Kg1 Kf3 52. Kh2 Ke3
53. Kh3 f3 54. Kxh4 f2 55. Kg4 f1=Q 0-1

[Event "2. ODEM U25 2005"]
[Site "Willingen GER"]
[Date "2005.05.21"]
[Round "9"]
[White "Hauffen, Kai"]
[Black "Zimmerer, David"]
[Result "1/2-1/2"]
[Termination "normal"]
[Board "45"]
[WhiteElo "1120"]
[BlackElo "1193"]
[PlyCount "44"]
[BlackFideId "4620224"]
[EventCountry "GER"]
[EventRounds "9"]
[EventType "swiss"]
[EventDate "2005.05.15"]

1. e4 c5 2. Nf3 Nc6 3. d4 cxd4 4. Nxd4 Nf6 5. Nc3 e5 6. Nf5 d6 7. Ng3 Be6 8.
Bb5 Qc7 9. O-O a6 10. Bd3 Be7 11. Be3 Rc8 12. Rc1 Rd8 13. Be2 d5 14. Bg5 d4 15.
Nb1 Nb4 16. Nd2 Nxa2 17. Ra1 Nb4 18. Bd3 Rc8 19. Rc1 Qb6 20. Rb1 Nxd3 21. cxd3
Kd7 22. Qa4+ Qc6 1/2-1/2

[Event "2. ODEM U25 2005"]
[Site "Willingen GER"]
[Date "2005.05.21"]
[Round "9"]
[White "Sadjjadi, Bijan Viktor"]
[Black "Teltewskoi, Alexander"]
[Result "0-1"]
[Termination "normal"]
[Board "46"]
[WhiteElo "750"]
[BlackElo "1312"]
[PlyCount "56"]
[EventCountry "GER"]
[EventRounds "9"]
[EventType "swiss"]
[EventDate "2005.05.15"]

1. e4 c5 2. d3 Nc6 3. Nc3 g6 4. g3 Bg7 5. Bg2 e6 6. Bf4 d6 7. Qf3 Nd4 8. Qd1
Ne7 9. Nf3 Nec6 10. Nxd4 Nxd4 11. O-O O-O 12. Be3 Qb6 13. b3 Qb4 14. Bxd4 Bxd4
15. Ne2 Bxa1 16. Qxa1 e5 17. Nc3 Be6 18. Nd5 Bxd5 19. exd5 Qd4 20. Qxd4 cxd4
21. a4 Rac8 22. Rc1 Rc7 23. b4 Rfc8 24. Bf1 Rxc2 25. Rxc2 Rxc2 26. a5 Rb2 27.
h4 Rxb4 28. f4 h5 0-1

[Event "2. ODEM U25 2005"]
[Site "Willingen GER"]
[Date "2005.05.21"]
[Round "9"]
[White "Nitsche-Hahn, Raphael"]
[Black "Usov, Andreas"]
[Result "1-0"]
[Termination "normal"]
[Board "47"]
[WhiteElo "1086"]
[BlackElo "1101"]
[PlyCount "99"]
[WhiteFideId "4613120"]
[BlackFideId "24601713"]
[EventCountry "GER"]
[EventRounds "9"]
[EventType "swiss"]
[EventDate "2005.05.15"]

1. d4 d5 2. c4 c6 3. e3 Nf6 4. Nf3 Bg4 5. Be2 g6 6. Nc3 Bxf3 7. Bxf3 dxc4 8.
Be2 b5 9. a4 Nd5 10. Bd2 Nxc3 11. Bxc3 Qd5 12. Bf3 Qd6 13. axb5 e6 14. Bxc6+
Nxc6 15. bxc6 Qxc6 16. d5 exd5 17. Bxh8 f6 18. Qd4 Bb4+ 19. Kd1 Kf7 20. Rxa7+
Rxa7 21. Qxa7+ Ke6 22. Qd4 Kf7 23. Qa7+ Ke6 24. Kc2 Bc5 25. Qa2 Kf7 26. Ra1 Ke7
27. Qa6 Qxa6 28. Rxa6 f5 29. Ra5 Kd6 30. Be5+ Kc6 31. Bd4 Bb4 32. Ra7 h6 33.
Rg7 g5 34. Rg6+ Kb5 35. Rxh6 Be1 36. f4 Bh4 37. g3 gxf4 38. Rxh4 f3 39. Rf4 Kc6
40. h4 f2 41. h5 c3 42. h6 f1=Q 43. Rxf1 cxb2 44. h7 b1=Q+ 45. Rxb1 f4 46. h8=Q
fxg3 47. Rb6+ Kc7 48. Qg7+ Kc8 49. Rh6 Kd8 50. Rh8# 1-0

[Event "2. ODEM U25 2005"]
[Site "Willingen GER"]
[Date "2005.05.21"]
[Round "9"]
[White "Nöttling, Dominik"]
[Black "Gheng, Christian"]
[Result "1-0"]
[Termination "normal"]
[Board "48"]
[WhiteElo "1179"]
[BlackElo "743"]
[PlyCount "31"]
[WhiteFideId "24672807"]
[BlackFideId "24660345"]
[EventCountry "GER"]
[EventRounds "9"]
[EventType "swiss"]
[EventDate "2005.05.15"]

1. e4 e5 2. Bc4 Nc6 3. d3 Nf6 4. Nf3 Bc5 5. Bg5 O-O 6. Nc3 a6 7. Nd5 b5 8. Bb3
Qe7 9. Nxe7+ Kh8 10. Bxf6 gxf6 11. Nxc6 dxc6 12. Nh4 Rg8 13. Bxf7 Rf8 14. Qh5
Rd8 15. Bg6 Rd6 16. Qxh7# 1-0